[Event "Polugaevsky Memorial 2016"]
[Site "Samara RUS"]
[Date "2016.07.03"]
[Round "1.1"]
[White "Asanov, Almaz"]
[Black "Stukopin, Andrey"]
[Result "0-1"]
[BlackTitle "GM"]
[WhiteElo "2126"]
[BlackElo "2595"]
[WhiteFideId "13704940"]
[BlackFideId "24107131"]
[EventDate "2016.07.03"]

1. e4 c5 2. c3 d6 3. d4 Nf6 4. dxc5 Nc6 5. cxd6 Nxe4 6. Bd3 Nxd6 7. Nf3 g6 8.
O-O Bg7 9. h3 O-O 10. Nbd2 f5 11. Nc4 Nf7 12. Bc2 Bf6 13. Bb3 Kg7 14. Ne3 e5 15.
Qe2 e4 16. Nh2 Na5 17. Rd1 Qe8 18. Nd5 Be5 19. Nf1 Be6 20. Qc2 Rd8 21. Nf4 Nxb3
22. Rxd8 Nxd8 23. axb3 Nc6 24. b4 a6 25. Nxe6+ Qxe6 26. Qe2 Bb8 27. f3 Ne5 28.
fxe4 f4 29. Qf2 Bc7 30. Bxf4 Bb6 31. Bxe5+ Kg8 32. Bd4 Rxf2 33. Bxf2 Bxf2+ 34.
Kxf2 Qb3 35. Kg1 Qxb2 36. Rd1 Qxc3 37. Rd8+ Kg7 38. Rd7+ Kh6 39. Rxb7 Qd4+ 40.
Kh2 Qxe4 41. Rb6 Qc4 42. Ng3 Kg5 43. Rb7 h5 44. Nh1 Qe4 45. Rf7 Qxb4 46. Nf2 a5
47. g3 a4 48. h4+ Kh6 0-1

[Event "Polugaevsky Memorial 2016"]
[Site "Samara RUS"]
[Date "2016.07.03"]
[Round "1.2"]
[White "Fedorov, Alexei"]
[Black "Mnatsakanian, Arsen"]
[Result "1/2-1/2"]
[WhiteTitle "GM"]
[WhiteElo "2565"]
[BlackElo "2125"]
[WhiteFideId "13500465"]
[BlackFideId "24189820"]
[EventDate "2016.07.03"]

1. e4 c5 2. Nf3 Nc6 3. d4 cxd4 4. Nxd4 Nf6 5. Nc3 e5 6. Ndb5 d6 7. Bg5 a6 8. Na3
b5 9. Nd5 Be7 10. Bxf6 Bxf6 11. c3 O-O 12. Nc2 g6 13. a4 bxa4 14. Rxa4 Bg7 15.
Bc4 Na5 16. Ba2 Bd7 17. Ra3 Kh8 18. b4 Nc6 19. Qe2 f5 20. O-O Na7 21. Rxa6 Bb5
22. Bc4 Bxa6 23. Bxa6 fxe4 24. b5 Rb8 25. c4 Bh6 26. Qxe4 Qa5 27. Rd1 Nc8 28. g3
Bg7 29. h4 Nb6 30. Ndb4 Nd7 31. Nc6 Qb6 32. Qe3 Ra8 33. Rxd6 Qxe3 34. Nxe3 Nc5
35. Nb4 Ne4 36. Rd1 Nxf2 37. Rf1 Bh6 38. Ned5 Ne4 39. b6 Nc5 40. b7 Rxf1+ 41.
Kxf1 Rf8+ 42. Ke2 Rb8 43. Nc7 Bf8 44. Nc6 Nxa6 45. Nxb8 Nxb8 46. Kf3 Kg7 47.
Ne6+ Kf7 48. Nxf8 Kxf8 49. Ke4 Ke7 50. Kxe5 Nc6+ 51. Kf4 Kf6 52. g4 h6 53. Ke4
Ke6 54. Kf4 Nb8 55. Ke4 Nc6 56. Kf4 Nb8 57. Ke4 Nd7 58. Kd4 Kd6 59. c5+ Kc7 60.
g5 hxg5 61. hxg5 Kxb7 62. Kd5 Kc7 63. Ke6 Kc6 64. Kf7 Ne5+ 65. Kf6 Kd5 66. c6 1/2-1/2

[Event "Polugaevsky Memorial 2016"]
[Site "Samara RUS"]
[Date "2016.07.03"]
[Round "1.3"]
[White "Alieva, Alexandra"]
[Black "Rozum, Ivan"]
[Result "0-1"]
[BlackTitle "GM"]
[WhiteElo "2115"]
[BlackElo "2581"]
[WhiteFideId "24133353"]
[BlackFideId "24104272"]
[EventDate "2016.07.03"]

1. e4 c5 2. Nf3 d6 3. c3 Nf6 4. e5 dxe5 5. Nxe5 Nbd7 6. Nf3 e5 7. d4 e4 8. Ng5
h6 9. Nh3 cxd4 10. cxd4 Bd6 11. Nc3 O-O 12. g3 Nb6 13. Bg2 Bg4 14. Qc2 Qd7 15.
Nf4 Rfe8 16. O-O Bf3 17. Re1 g5 18. Nfe2 Rac8 19. Qb3 Bxg2 20. Kxg2 Qf5 21. Ng1
Nbd5 22. Be3 Nb4 23. Re2 Re7 24. f3 exf3+ 25. Nxf3 Ng4 26. Ne5 Bxe5 27. Qxb4
Nxe3+ 28. Rxe3 Bd6 29. Qxd6 Rxe3 30. Rf1 Qe6 31. Qxe6 Rxe6 32. d5 Rb6 33. Rf2
Re8 34. Rd2 a6 35. g4 Kg7 36. Kf3 Rf6+ 37. Kg3 Rf4 38. h3 Re3+ 39. Kg2 Rff3 40.
Ne4 Rd3 41. Rc2 Rfe3 42. Nd6 Rg3+ 43. Kf2 Rxh3 44. Rc7 Rh2+ 45. Ke1 Rxd5 46.
Nxf7 Kf6 47. Rxb7 Rb5 0-1

[Event "Polugaevsky Memorial 2016"]
[Site "Samara RUS"]
[Date "2016.07.03"]
[Round "1.4"]
[White "Predke, Alexandr"]
[Black "Geshko, Aleksey"]
[Result "1-0"]
[WhiteTitle "GM"]
[WhiteElo "2540"]
[BlackElo "2107"]
[WhiteFideId "24107581"]
[BlackFideId "34108324"]
[EventDate "2016.07.03"]

1. c4 c5 2. Nf3 Nc6 3. d4 cxd4 4. Nxd4 e6 5. Nc3 Nf6 6. g3 Bb4 7. Bg2 O-O 8. O-O
a6 9. Na4 d5 10. cxd5 Nxd5 11. Nxc6 bxc6 12. e4 Nf6 13. Bf4 Qxd1 14. Rfxd1 a5
15. Bd6 Re8 16. a3 Bxd6 17. Rxd6 Ba6 18. Nc5 Rec8 19. f4 h6 20. Bf3 Ra7 21. Rad1
g6 22. f5 gxf5 23. exf5 Bc4 24. fxe6 fxe6 25. Nxe6 Ne8 26. Rxc6 1-0

[Event "Polugaevsky Memorial 2016"]
[Site "Samara RUS"]
[Date "2016.07.03"]
[Round "1.5"]
[White "Voinikonis, Nikita"]
[Black "Lintchevski, Daniil"]
[Result "1/2-1/2"]
[BlackTitle "GM"]
[WhiteElo "2102"]
[BlackElo "2548"]
[WhiteFideId "34187500"]
[BlackFideId "4171055"]
[EventDate "2016.07.03"]

1. d4 Nf6 2. c4 e6 3. Nc3 Bb4 4. Qc2 O-O 5. a3 Bxc3+ 6. Qxc3 b6 7. Nf3 Bb7 8. e3
d6 9. Bd3 Ne4 10. Qc2 f5 11. Nd2 Qh4 12. g3 Qh5 13. Be2 Qg6 14. f3 Ng5 15. b3 e5
16. dxe5 dxe5 17. Bb2 e4 18. f4 Nf3+ 19. Kf2 Nd7 20. b4 Nxd2 21. Qxd2 Nf6 22. h3
Rad8 23. Qc2 Rd3 24. Bxf6 Qxf6 25. Bxd3 exd3 26. Qxd3 Rd8 27. Qe2 Bxh1 28. Rxh1
h6 29. Rd1 Rxd1 30. Qxd1 Qb2+ 31. Kf3 Qxa3 32. Qd5+ Kh8 33. Qxf5 Qxb4 34. Qc8+
Kh7 35. Qf5+ Kh8 36. Qc8+ Kh7 37. Qf5+ Kh8 38. Ke4 1/2-1/2

[Event "Polugaevsky Memorial 2016"]
[Site "Samara RUS"]
[Date "2016.07.03"]
[Round "1.6"]
[White "Yudin, Sergei"]
[Black "Gitelson, Arkady"]
[Result "1-0"]
[WhiteTitle "GM"]
[WhiteElo "2531"]
[BlackElo "2099"]
[WhiteFideId "4159659"]
[BlackFideId "34101257"]
[EventDate "2016.07.03"]

1. e4 c5 2. Nf3 Nc6 3. Bb5 e6 4. O-O Nge7 5. b3 Nd4 6. Nxd4 cxd4 7. Bb2 Nc6 8.
c3 Bc5 9. b4 Bb6 10. Na3 O-O 11. Nc4 dxc3 12. dxc3 Bc7 13. Re1 d5 14. Nd2 Qd6
15. g3 Ne5 16. Bf1 f5 17. exf5 exf5 18. c4 Ng4 19. Nf3 f4 20. c5 Qd7 21. Bg2
fxg3 22. fxg3 Qf7 23. Ng5 Qf2+ 24. Kh1 h6 25. Qxd5+ Kh8 26. Rf1 Rf5 27. Rae1 Ne3
28. Rxf2 Nxd5 29. Re8+ 1-0

[Event "Polugaevsky Memorial 2016"]
[Site "Samara RUS"]
[Date "2016.07.03"]
[Round "1.7"]
[White "Skatchkov, Valery"]
[Black "Ivanov, Oleg V UKR"]
[Result "1/2-1/2"]
[BlackTitle "IM"]
[WhiteElo "2099"]
[BlackElo "2515"]
[WhiteFideId "24195812"]
[BlackFideId "14110709"]
[EventDate "2016.07.03"]

1. d4 Nf6 2. c4 c5 3. d5 b5 4. cxb5 a6 5. bxa6 Bxa6 6. Nc3 g6 7. Nf3 Bg7 8. g3
d6 9. Bg2 O-O 10. O-O Nbd7 11. Qc2 Qa5 12. Bd2 Rfb8 13. b3 Qc7 14. Rfb1 Qb7 15.
a4 Rc8 16. h3 Rab8 17. e4 Ne8 18. Ra2 Nc7 19. Bg5 Nf6 20. Bxf6 Bxf6 21. e5 dxe5
22. Nd2 Qb4 23. Nde4 Bg7 24. a5 Nb5 25. Nxb5 Qxb5 26. Bf1 c4 27. Rab2 Qxd5 28.
bxc4 Rxb2 29. Rxb2 Qa8 30. Bg2 Qa7 31. c5 f5 32. Qb3+ Kh8 33. Ng5 Bf6 34. Ne6 e4
35. Rd2 Bd3 36. Qb6 Ra8 37. c6 Qxa5 38. Qxa5 Rxa5 39. c7 Ra1+ 40. Kh2 Rc1 41.
Ra2 Kg8 42. Ra8+ Kf7 43. Nd8+ Ke8 44. c8=Q Rxc8 45. Rxc8 Kd7 46. Ra8 Bc4 47. Nb7
Kc7 48. Nc5 Bd5 49. Ra4 Kc6 50. Na6 Kb5 51. Nc7+ Kxa4 52. Nxd5 Kb5 53. Nxf6 exf6
54. Kg1 Kc4 55. Kf1 Kd4 56. Ke2 h5 57. f4 exf3+ 58. Bxf3 h4 59. g4 fxg4 1/2-1/2

[Event "Polugaevsky Memorial 2016"]
[Site "Samara RUS"]
[Date "2016.07.03"]
[Round "1.8"]
[White "Demidov, Mikhail"]
[Black "Popov, Alexey"]
[Result "1-0"]
[WhiteTitle "IM"]
[WhiteElo "2514"]
[BlackElo "2097"]
[WhiteFideId "4197143"]
[BlackFideId "4123000"]
[EventDate "2016.07.03"]

1. Nf3 Nf6 2. g3 b6 3. Bg2 Bb7 4. c4 c5 5. O-O g6 6. Nc3 Bg7 7. e3 O-O 8. d4 d6
9. Re1 Na6 10. b3 Ne4 11. Bb2 Nxc3 12. Bxc3 Be4 13. Qd2 Nc7 14. Rad1 a5 15. h4
Qc8 16. h5 Qb7 17. d5 b5 18. Bxg7 Kxg7 19. Qc3+ Kg8 20. Nh4 Bxg2 21. Nxg2 b4 22.
Qc2 Kg7 23. e4 f6 24. e5 fxe5 25. f4 Qc8 26. fxe5 Qg4 27. exd6 exd6 28. Re7+ Rf7
29. h6+ Kf8 30. Rxf7+ Kxf7 31. Qf2+ Kg8 32. Rf1 Qd4 33. Ne3 Re8 34. Qf7+ Kh8 35.
Qxe8+ Nxe8 36. Rf8# 1-0

[Event "Polugaevsky Memorial 2016"]
[Site "Samara RUS"]
[Date "2016.07.03"]
[Round "1.9"]
[White "Maznov, Sergey"]
[Black "Utegaliyev, Azamat"]
[Result "0-1"]
[WhiteElo "2093"]
[BlackElo "2494"]
[WhiteFideId "4193350"]
[BlackFideId "13702467"]
[EventDate "2016.07.03"]

1. d4 Nf6 2. Nf3 g6 3. Nbd2 Bg7 4. e4 d6 5. Bc4 O-O 6. O-O Nc6 7. c3 Nd7 8. d5
Nce5 9. Nd4 c5 10. dxc6 bxc6 11. Be2 c5 12. Nc2 Nb6 13. Ne3 Bb7 14. f4 Ned7 15.
Bf3 Qc7 16. Ndc4 Rad8 17. Nxb6 axb6 18. Nd5 Bxd5 19. exd5 b5 20. Qe2 b4 21. cxb4
cxb4 22. Qxe7 Rfe8 23. Qh4 Qc4 24. Rd1 Nc5 25. b3 Qc2 26. Rd2 Qc3 27. Rb1 Bd4+
28. Kf1 Qe3 29. Qf2 Qxf2+ 30. Rxf2 Bxf2 31. Kxf2 Nd3+ 32. Kg3 Re1 0-1

[Event "Polugaevsky Memorial 2016"]
[Site "Samara RUS"]
[Date "2016.07.04"]
[Round "2.1"]
[White "Stukopin, Andrey"]
[Black "Gaifullin, Artur"]
[Result "1-0"]
[WhiteTitle "GM"]
[BlackTitle "FM"]
[WhiteElo "2595"]
[BlackElo "2344"]
[WhiteFideId "24107131"]
[BlackFideId "24168653"]
[EventDate "2016.07.03"]

1. Nf3 Nf6 2. g3 d5 3. Bg2 c5 4. O-O Nc6 5. d4 e6 6. c4 dxc4 7. dxc5 Qxd1 8.
Rxd1 Bxc5 9. Nbd2 e5 10. Nxc4 e4 11. Ng5 Bf5 12. Be3 Be7 13. Nd6+ Bxd6 14. Rxd6
O-O 15. Rad1 Rfe8 16. Bd2 Ne5 17. Rc1 h6 18. Nh3 Be6 19. b3 g5 20. Rf1 Rac8 21.
f4 exf3 22. exf3 Rc2 23. Nf2 Nd5 24. Rd1 Ne7 25. Ne4 Rec8 26. f4 N5c6 27. fxg5
Nf5 28. Nf6+ Kg7 29. Nh5+ Kg8 30. Be4 Nxd6 31. Bxc2 Nd4 32. Bb1 hxg5 33. Bxg5
N6b5 34. Kf2 Rc5 35. h4 Re5 36. Nf6+ Kf8 37. Be4 Bf5 38. Ke3 Nc6 39. Rd5 Bxe4
40. Rxe5 Nxe5 41. Kxe4 Nc6 42. h5 Nd6+ 43. Kd5 Nf5 44. g4 Nce7+ 45. Ke4 1-0

[Event "Polugaevsky Memorial 2016"]
[Site "Samara RUS"]
[Date "2016.07.04"]
[Round "2.2"]
[White "Rozum, Ivan"]
[Black "Borodkin, Aleksandr"]
[Result "1-0"]
[WhiteTitle "GM"]
[BlackTitle "FM"]
[WhiteElo "2581"]
[BlackElo "2334"]
[WhiteFideId "24104272"]
[BlackFideId "4185277"]
[EventDate "2016.07.03"]

1. d4 d6 2. e4 Nf6 3. Nc3 g6 4. g3 Bg7 5. Bg2 O-O 6. Nge2 Nc6 7. h3 e5 8. Be3
exd4 9. Nxd4 Bd7 10. O-O Nxd4 11. Bxd4 Bc6 12. Re1 Re8 13. Qd2 Nd7 14. Bxg7 Kxg7
15. f4 Qf6 16. Re3 Nb6 17. b3 Rad8 18. Rae1 Nd7 19. Qf2 Qd4 20. Kh2 Nc5 21. Qe2
Rd7 22. Rd1 Qb4 23. Nd5 Bxd5 24. exd5 Rxe3 25. Qxe3 a5 26. f5 f6 27. fxg6 hxg6
28. Rd4 Qb6 29. Rh4 g5 30. Rh5 c6 31. h4 Qd8 32. hxg5 Qe7 33. Qd4 1-0

[Event "Polugaevsky Memorial 2016"]
[Site "Samara RUS"]
[Date "2016.07.04"]
[Round "2.3"]
[White "Yeletsky, Ivan"]
[Black "Predke, Alexandr"]
[Result "1/2-1/2"]
[WhiteTitle "FM"]
[BlackTitle "GM"]
[WhiteElo "2344"]
[BlackElo "2540"]
[WhiteFideId "24180327"]
[BlackFideId "24107581"]
[EventDate "2016.07.03"]

1. d4 Nf6 2. c4 e6 3. Nf3 b6 4. a3 Ba6 5. Qc2 Bb7 6. Nc3 c5 7. e4 cxd4 8. Nxd4
Bc5 9. Nb3 Nc6 10. Bg5 h6 11. Bh4 Nd4 12. Nxd4 Bxd4 13. Bd3 Qb8 14. Bg3 Be5 15.
O-O-O O-O 16. Qd2 d6 17. Rhe1 a6 18. Kb1 Rc8 19. f3 Bc6 20. Rc1 Nd7 21. Qe3 Nc5
22. Bc2 Ra7 23. Rcd1 Nd7 24. f4 Bxc3 25. Qxc3 b5 26. Qd3 bxc4 27. Qc3 Rb7 28.
Bf2 Nb6 29. Bxb6 Rxb6 30. g4 d5 31. f5 Qd6 32. fxe6 fxe6 33. exd5 exd5 34. Ka1
Rcb8 35. Rd2 Qc5 36. b4 Qf8 37. Ka2 a5 38. bxa5 Rb2+ 39. Ka1 R8b3 40. Qxb2 Rxa3+
41. Kb1 c3 42. Rf2 cxb2 43. Rxf8+ Kxf8 44. Re6 Bb5 45. Re5 Bc6 46. Re6 Bb5 47.
Re5 Bc6 48. Re6 Bb5 1/2-1/2

[Event "Polugaevsky Memorial 2016"]
[Site "Samara RUS"]
[Date "2016.07.04"]
[Round "2.4"]
[White "Karpeshov, Oleg"]
[Black "Yudin, Sergei"]
[Result "0-1"]
[WhiteTitle "IM"]
[BlackTitle "GM"]
[WhiteElo "2325"]
[BlackElo "2531"]
[WhiteFideId "4106814"]
[BlackFideId "4159659"]
[EventDate "2016.07.03"]

1. e4 d6 2. d4 Nf6 3. f3 c5 4. c3 Qc7 5. Be3 g6 6. Ne2 Bg7 7. c4 O-O 8. Nbc3 Nc6
9. Qd2 Qa5 10. d5 Ne5 11. Ng3 a6 12. f4 Neg4 13. Bg1 h5 14. h3 h4 15. hxg4 hxg3
16. g5 Ng4 17. Rh3 Nh2 18. Rxg3 Nxf1 19. Kxf1 b5 20. Be3 bxc4 21. f5 Rb8 22. Rc1
Qb4 23. Rc2 Bxc3 24. bxc3 Qb1+ 25. Kf2 Bd7 26. Rg4 gxf5 27. Rh4 fxe4 28. Kg3 Bf5
29. Rh6 Kg7 30. Qf2 Bg6 31. Rd2 Rh8 32. Bxc5 dxc5 33. d6 e3 34. Qxe3 exd6 0-1

[Event "Polugaevsky Memorial 2016"]
[Site "Samara RUS"]
[Date "2016.07.04"]
[Round "2.5"]
[White "Drygalov, Andrey"]
[Black "Demidov, Mikhail"]
[Result "1/2-1/2"]
[BlackTitle "IM"]
[WhiteElo "2317"]
[BlackElo "2514"]
[WhiteFideId "24171735"]
[BlackFideId "4197143"]
[EventDate "2016.07.03"]

1. e4 d5 2. exd5 Qxd5 3. Nc3 Qd6 4. d4 Nf6 5. Nf3 a6 6. g3 Bg4 7. Be2 e6 8. O-O
Nc6 9. Bf4 Qd7 10. Ne5 Nxe5 11. dxe5 Qxd1 12. Bxd1 Bxd1 13. Raxd1 Nd7 14. Ne4 h6
15. h4 O-O-O 16. Rd3 Be7 17. Rfd1 Nb8 18. Kf1 Nc6 19. Rxd8+ Rxd8 20. Rxd8+ Kxd8
21. c3 h5 22. Ke2 Ke8 23. Kd3 Kf8 24. Nd2 Kg8 25. b4 b5 26. Nb3 Nb8 27. a3 Nd7
28. Nd4 c5 29. Nc6 Bf8 30. Be3 f6 31. Ke4 Kf7 32. f4 Ke8 33. exf6 Nxf6+ 34. Kf3
cxb4 35. cxb4 Bd6 36. Bd4 Bc7 37. Ne5 Bd6 38. Nd3 Kf7 39. Bc5 Bc7 40. Bd4 Bd6
41. Bc5 1/2-1/2

[Event "Polugaevsky Memorial 2016"]
[Site "Samara RUS"]
[Date "2016.07.04"]
[Round "2.6"]
[White "Utegaliyev, Azamat"]
[Black "Karpenko, Artem"]
[Result "1-0"]
[BlackTitle "FM"]
[WhiteElo "2494"]
[BlackElo "2321"]
[WhiteFideId "13702467"]
[BlackFideId "24175595"]
[EventDate "2016.07.03"]

1. c4 Nf6 2. Nc3 e6 3. e4 d5 4. e5 d4 5. exf6 dxc3 6. bxc3 Qxf6 7. Nf3 b6 8. d4
Bb7 9. Be2 Bd6 10. a4 a5 11. Rb1 Bc6 12. Bd3 h6 13. Qe2 Nd7 14. Nd2 Bxg2 15. Rg1
Bb7 16. Be4 Bxe4 17. Nxe4 Qf5 18. Rxg7 Kf8 19. Rb5 Qh3 20. Rh5 Qxh5 21. Qxh5
Kxg7 22. Nxd6 cxd6 23. Bf4 Rac8 24. Bxd6 Rc6 25. Qg4+ Kf6 26. Qf3+ Kg6 27. Qxc6
Nf6 28. Be5 1-0

[Event "Polugaevsky Memorial 2016"]
[Site "Samara RUS"]
[Date "2016.07.04"]
[Round "2.7"]
[White "Sidorov, Anatoly"]
[Black "Matinian, Nikita"]
[Result "1/2-1/2"]
[WhiteTitle "IM"]
[BlackTitle "IM"]
[WhiteElo "2293"]
[BlackElo "2489"]
[WhiteFideId "4114418"]
[BlackFideId "24129100"]
[EventDate "2016.07.03"]

1. c4 e5 2. Nc3 Nc6 3. g3 f5 4. Bg2 Nf6 5. a3 g6 6. d3 Bg7 7. Bd2 O-O 8. e3 d6
9. Nge2 Ne7 10. Qc2 g5 11. h4 gxh4 12. Rxh4 Ng6 13. Rh1 c6 14. d4 Be6 15. d5
cxd5 16. Nxd5 Rc8 17. Qb3 Bxd5 18. Bxd5+ Nxd5 19. cxd5 Qd7 20. Rc1 Rxc1+ 21.
Bxc1 Rc8 22. Bd2 b6 23. f3 e4 24. f4 Qf7 25. Bc3 Ne7 26. Bxg7 Qxg7 27. Kf2 Rc5
28. Nd4 Qf7 29. Rh6 Rxd5 30. Qc4 Kg7 31. Rh1 Ng8 32. b4 Nf6 33. Ke2 a5 34. Kf2
axb4 35. axb4 Qa7 36. Rc1 Kg6 37. Ke2 Qa3 38. Qc3 Qa2+ 39. Qc2 Qa6+ 40. Qc4 Qa4
41. Qc3 Qa6+ 42. Qc4 Qa3 43. Ra1 1/2-1/2

[Event "Polugaevsky Memorial 2016"]
[Site "Samara RUS"]
[Date "2016.07.04"]
[Round "2.8"]
[White "Iskusnyh, Sergei"]
[Black "Ofitserian, Boris"]
[Result "1/2-1/2"]
[WhiteTitle "GM"]
[BlackTitle "FM"]
[WhiteElo "2460"]
[BlackElo "2304"]
[WhiteFideId "4120027"]
[BlackFideId "24199443"]
[EventDate "2016.07.03"]

1. d4 Nf6 2. c4 g6 3. g3 Bg7 4. Bg2 d5 5. cxd5 Nxd5 6. Nf3 O-O 7. O-O Nb6 8. Nc3
Nc6 9. e3 Re8 10. Nh4 e5 11. d5 Nb4 12. a3 Na6 13. Qc2 Nc4 14. e4 Bd7 15. Rd1
Qe7 16. Nf3 Rac8 17. b4 b5 18. Bf1 c5 19. dxc6 Rxc6 20. Nd5 Qf8 21. Qb3 Nc7 22.
Nf6+ Bxf6 23. Rxd7 Rd8 24. Rxd8 Qxd8 25. Bh6 Ne6 26. a4 a6 27. axb5 axb5 28. Qa2
Bg7 29. Bxg7 Kxg7 30. Bxc4 Rxc4 31. Nxe5 Rxe4 32. Qb2 Qd4 33. Qxd4 Nxd4 34. f4
g5 35. Ra7 gxf4 36. Nxf7 Kf6 37. gxf4 Rxf4 38. Nd8 Kg6 39. Kg2 Nc2 40. Ra6+ Kf5
41. Rh6 Ne1+ 42. Kg1 Nf3+ 1/2-1/2

[Event "Polugaevsky Memorial 2016"]
[Site "Samara RUS"]
[Date "2016.07.04"]
[Round "2.9"]
[White "Nozdrachev, Vladislav"]
[Black "Shapiro, David"]
[Result "1/2-1/2"]
[WhiteTitle "IM"]
[BlackTitle "FM"]
[WhiteElo "2455"]
[BlackElo "2296"]
[WhiteFideId "24113441"]
[BlackFideId "24133523"]
[EventDate "2016.07.03"]

1. e4 e5 2. Nf3 Nf6 3. Nxe5 d6 4. Nf3 Nxe4 5. c4 Nc6 6. Nc3 Nxc3 7. dxc3 Be7 8.
Bd3 Bg4 9. Bf4 Qd7 10. O-O Bf5 11. Re1 O-O 12. Qc2 Bxd3 13. Qxd3 Rad8 14. Rad1
Rfe8 15. c5 Qg4 16. Bg3 Ne5 17. Bxe5 dxe5 18. Qb5 e4 19. Rxd8 Rxd8 20. Nd4 e3
21. fxe3 Qe4 22. Kh1 Bf6 23. Qa5 Be5 24. Nf3 Re8 25. Qxa7 Bf4 26. Qa5 h6 27. c4
Bxe3 28. Qxc7 Qxc4 29. Qd7 Re6 30. Qxb7 Bxc5 31. Ne5 Qf4 32. Qc8+ Bf8 33. Qc3
Bb4 34. Qc8+ Kh7 35. Qc2+ g6 36. Qe4 Qxe4 37. Rxe4 Be7 38. Re1 Bb4 39. Re4 Be7
40. Re1 Bb4 1/2-1/2

[Event "Polugaevsky Memorial 2016"]
[Site "Samara RUS"]
[Date "2016.07.05"]
[Round "3.1"]
[White "Mokshanov, Alexey"]
[Black "Stukopin, Andrey"]
[Result "0-1"]
[WhiteTitle "IM"]
[BlackTitle "GM"]
[WhiteElo "2419"]
[BlackElo "2595"]
[WhiteFideId "24121657"]
[BlackFideId "24107131"]
[EventDate "2016.07.03"]

1. e4 c5 2. Nf3 Nc6 3. Bb5 g6 4. Bxc6 bxc6 5. O-O Bg7 6. Re1 Nf6 7. e5 Nd5 8. c4
Nc7 9. d4 cxd4 10. Qxd4 O-O 11. Qh4 f6 12. exf6 exf6 13. Nc3 Ne6 14. Nd4 f5 15.
Qxd8 Rxd8 16. Nxe6 dxe6 17. Bf4 Rd4 18. Be5 Bxe5 19. Rxe5 Rxc4 20. Rd1 Kf7 21.
Rd8 Rb8 22. Nd1 Rc1 23. b3 Rb5 24. Rxb5 cxb5 25. f4 e5 26. g3 exf4 27. gxf4 Be6
28. Rd2 a5 29. Kf2 a4 30. bxa4 bxa4 31. Nb2 Rc3 32. Nd3 Bd5 33. Nb2 Bc6 34. Ke1
Ke6 35. Rd4 Re3+ 36. Kd1 Ra3 37. Nc4 Bf3+ 38. Kc1 Rxa2 39. Rd6+ Ke7 40. Ra6 Be4 0-1

[Event "Polugaevsky Memorial 2016"]
[Site "Samara RUS"]
[Date "2016.07.05"]
[Round "3.2"]
[White "Nozdrachev, Vladislav"]
[Black "Rozum, Ivan"]
[Result "1/2-1/2"]
[WhiteTitle "IM"]
[BlackTitle "GM"]
[WhiteElo "2455"]
[BlackElo "2581"]
[WhiteFideId "24113441"]
[BlackFideId "24104272"]
[EventDate "2016.07.03"]

1. d4 Nf6 2. c4 b6 3. Nc3 Bb7 4. Nf3 e6 5. Bg5 h6 6. Bxf6 Qxf6 7. e4 Bb4 8. Bd3
Bxc3+ 9. bxc3 d6 10. O-O O-O 11. Qd2 e5 12. Qe3 Nc6 13. Rab1 Bc8 14. h3 Bd7 15.
Bc2 Ne7 16. dxe5 dxe5 17. c5 Ng6 18. Rfd1 Be6 19. Bb3 Rad8 20. Kh2 Nf4 21. Ng1
Bc8 22. cxb6 axb6 23. Ne2 Ba6 24. Nxf4 exf4 25. Qf3 Qe5 26. Kg1 Bb7 27. Bd5 Bc8
28. Rd4 Rd6 29. Bb3 Bb7 30. Rxd6 cxd6 31. Bd5 Bxd5 32. exd5 Rc8 33. Rb3 Rc4 34.
Kh2 g6 35. Rb4 Rxc3 36. Qxf4 Qxf4+ 37. Rxf4 Rc5 38. Rd4 b5 39. Kg3 Kg7 40. h4 f5
41. Rd3 g5 42. hxg5 hxg5 43. f4 Kf6 44. fxg5+ Kxg5 45. Kf3 Kf6 46. g3 Ke5 47.
Re3+ Kd4 48. Kf4 Rxd5 49. a3 Re5 50. Rb3 Kc4 51. Rb4+ Kc3 52. Kg5 Rc5 53. Rf4
Kb3 54. Rf3+ Ka4 55. Kf6 Re5 56. Rd3 Ka5 57. Rf3 Ka4 58. Rd3 Rc5 59. Ke6 Re5+
60. Kxd6 Re2 61. Rf3 Ra2 62. Kc5 Rc2+ 63. Kb6 Rg2 64. Rf4+ Kxa3 65. Kxb5 Rxg3
66. Rxf5 1/2-1/2

[Event "Polugaevsky Memorial 2016"]
[Site "Samara RUS"]
[Date "2016.07.05"]
[Round "3.3"]
[White "Yudin, Sergei"]
[Black "Zakaryan, David"]
[Result "1-0"]
[WhiteTitle "GM"]
[BlackTitle "FM"]
[WhiteElo "2531"]
[BlackElo "2394"]
[WhiteFideId "4159659"]
[BlackFideId "24101923"]
[EventDate "2016.07.03"]

1. e4 Nf6 2. e5 Nd5 3. d4 d6 4. c4 Nb6 5. exd6 exd6 6. Nc3 Be7 7. Bd3 Nc6 8.
Nge2 O-O 9. b3 Bf6 10. Be3 Re8 11. O-O Bg4 12. Qd2 Nb4 13. h3 Bxe2 14. Bxe2 c5
15. d5 Be5 16. a3 Na6 17. Rab1 f5 18. Bd3 Nc7 19. b4 cxb4 20. axb4 Qh4 21. Ne2
Bf6 22. Rfc1 g6 23. g3 Qxh3 24. Nf4 Qh6 25. Ne6 f4 26. Bxf4 g5 27. Nxg5 Qg7 28.
Bxh7+ Kf8 29. Bxd6+ 1-0

[Event "Polugaevsky Memorial 2016"]
[Site "Samara RUS"]
[Date "2016.07.05"]
[Round "3.4"]
[White "Khanin, Semen"]
[Black "Utegaliyev, Azamat"]
[Result "0-1"]
[WhiteTitle "IM"]
[WhiteElo "2386"]
[BlackElo "2494"]
[WhiteFideId "4111990"]
[BlackFideId "13702467"]
[EventDate "2016.07.03"]

1. e4 e5 2. Nf3 Nc6 3. Bb5 Nge7 4. c3 a6 5. Ba4 g6 6. O-O Bg7 7. d4 exd4 8. cxd4
b5 9. Bb3 Na5 10. Bc2 d6 11. d5 O-O 12. Nc3 Bb7 13. Rb1 Nc4 14. Nd4 c5 15. dxc6
Nxc6 16. Nxc6 Bxc6 17. Nd5 Rc8 18. b3 Bxd5 19. Qxd5 Nb6 20. Qd1 d5 21. Be3 d4
22. Bf4 Qf6 23. Bd2 Rfe8 24. Bd3 Nc4 25. Bb4 h5 26. a4 Bf8 27. Bxf8 Kxf8 28.
axb5 axb5 29. bxc4 bxc4 30. Rc1 cxd3 31. Qxd3 Rc3 32. Rxc3 dxc3 33. Qc4 Re6 34.
Rc1 Rc6 35. Qb4+ Kg7 36. h3 c2 37. Qd2 Qb2 38. Qe1 Rd6 39. Kh2 Kh7 40. h4 Rd4
41. g3 Rd3 42. Kg2 Kg7 43. Kh2 Kf8 44. Kg2 Ke7 45. Kh2 Qc3 46. Qe2 Rd2 47. Qa6
Rxf2+ 48. Kh3 Kf8 49. Qd6+ Kg7 50. e5 Qc4 51. Qd7 Qe4 52. Rg1 c1=Q 0-1

[Event "Polugaevsky Memorial 2016"]
[Site "Samara RUS"]
[Date "2016.07.05"]
[Round "3.5"]
[White "Konovalov, Nikolay"]
[Black "Kotlyar, Kirill"]
[Result "1/2-1/2"]
[WhiteTitle "IM"]
[BlackTitle "FM"]
[WhiteElo "2444"]
[BlackElo "2379"]
[WhiteFideId "4170962"]
[BlackFideId "24145599"]
[EventDate "2016.07.03"]

1. d4 Nf6 2. Nf3 g6 3. Nbd2 Bg7 4. e4 O-O 5. Bd3 d6 6. O-O Nc6 7. c3 e5 8. dxe5
Nxe5 9. Nxe5 dxe5 10. Nf3 Qe7 11. h3 b6 12. a4 Bb7 13. Qc2 a5 14. Re1 Rfd8 15.
Bc4 h6 16. b3 Qe8 17. Bd2 Bc6 18. Bc1 Bb7 19. Bd2 Bc6 20. Bc1 Bb7 1/2-1/2